Nombre de choses - Choix multiple n°2 - Statistiques

Statistiques générales
  • Ce quiz a été pris 189 fois
  • Le résultat moyen est 8 sur 12
Statistiques - réponses
Question Réponse % Correct
Combien de Dalmatiens Cruella de Vil avait-elle? 101
100%
Quel est le nombre de "la bête"? 666
100%
Combien de joueurs sur le terrain par équipe de football? 11
93%
Quel est l'âge le plus dangereux pour une rock star selon une légende? 27
93%
Combien de jours a-t-il fallu à Phileas Fogg pour parcourir le monde? 80
86%
Combien y a-t-il de membres dans l'Union européenne? 28
79%
Combien de pays y a-t-il en Amérique du Sud? 12
71%
Quel est le "nombre magique" (Magic Number) selon De La Soul? 3
57%
Combien y a-t-il d'États soviétiques en Union soviétique? 15
43%
Combien de femmes le prophète Muhammad avait-il? 11
36%
Combien d'années avez-vous besoin de servir dans l'organisation maritime de la Scientologie, ''Sea Org'', conformément à son contrat? 1,000,000,000,000
29%
Combien de personnes vivent au Vatican selon l'estimation de 2017? 1,000
14%
Aucun quiz correspondant
Distribution des résultats
% des personnes avec chaque résultat
Percentile par nombre de réponses
Votre historique - résultats
Vous n’avez pas pris ce quiz